000 00975cam a2200217 4500
001 ABS65845
008 020902n2002 000 0 eng u
035 _a(Sirsi) u119524
100 _aClarke, M.
245 _aPUT on your Jersey
260 _c2002
490 _aProperty Week
_v67(30) 2 August 2002, 30(1)
520 _aLooks at the Property Unit Trust (PUT) industry which has grown as a means of investing in property. Notes that the UK-domiciled unauthorised PUTs have dominated the market for most of the last 30 years but this is now being more overlooked by the Jersey-domiciled version. This is because the regulations in Jersey permit the co-mingling of investors regardless of tax status. All Jersey PUT's adhere to the requirements of the Jersey Financial Services Authority.
590 _aABS
650 _aPROPERTY UNIT TRUSTS
650 _aPUTS
650 _aLIMITED PARTNERSHIPS
650 _aTAX AVOIDANCE
690 _aINVESTMENT
942 _n0
999 _c71054
_d71054